000
00170 a2200097 4500
001
3913
100
_a
Agger, L.T
245
_a
260
_a
_b
_c
090
_c
3143
_d
3143
942
_a
NUST-CAE
_c
M
_c
23814
999
_c
238986
_d
238986